000 00776nam a22002892a 4500
999 _c3984
_d3984
001 3984
003 BD-JhCC
005 20171129130357.0
008 500101s1962 enkab 000 0 eng d
035 _a(BD-JhCC)3984
040 _aCLA
_cCLA
_dEQO
_dBD-JhCC
041 _aeng
082 _a936.2
_bCLA 1962
090 _aDA90
_b.C53 1962
100 1 _aClark, Grahame
_d1907-1995
245 1 0 _aPrehistoric England /
_cGrahame Clark
260 _aLondon :
_bBatsford,
_c[c1962].
300 _a5, 120 p.
_billus., map.
_c18 cm
490 1 _aBatsford paperback
500 _a"First paperback ed."
650 _aEngland, Prehistoric
651 0 _aEngland
_xAntiquities
651 0 _aWales
_xAntiquities
830 0 _aBatsford paperback
942 _2ddc
_cBK